00329nam a2200133Ia 4500003000400000008004100004020002300045040000800068100002000076245004300096260003500139300001000174365001100184LDD181029s9999 xx 000 0 und d a8172247494c150.00 cLDD aAnand, Mulk Raj 0aGreatest short storiescMulk Raj Anand aMumbaibJaico Publishingc2006 a247p. b150.00